000 00251nam a2200097Ia 4500
008 241105s9999 xx 000 0 und d
041 _aeng
100 _aOswal Bhavana S
_9182903
245 _aSpinning Mill Complex
260 _bBNCA B-Arch ID, Pune
_c2016
999 _c361196
_d361196